Alle DFB-Pokalsieger - Statistiken

Allgemein
  • Dieses Quiz wurde 31.684 mal gespielt
    28.844 seit der letzten Aktualisierung
  • Das Durchschnittsergebnis liegt bei 17 aus 26
Antwortstatistiken
Mannschaft % Korrekt
21 FC Bayern München
100%
5 Borussia Dortmund
99%
2 Bayer 04 Leverkusen
92%
3 Hamburger SV
91%
5 Eintracht Frankfurt
90%
4 VfB Stuttgart
90%
5 FC Schalke 04
89%
6 SV Werder Bremen
87%
4 1. FC Köln
84%
1 VfL Wolfsburg
83%
2 RB Leipzig
82%
4 1. FC Nürnberg
77%
3 Borussia Mönchengladbach
77%
2 1. FC Kaiserslautern
76%
1 Hannover 96
64%
2 Fortuna Düsseldorf
61%
2 TSV 1860 München
59%
2 Dresdner SC
57%
2 Karlsruher SC
48%
1 VfB Leipzig
36%
1 Bayer 05 Uerdingen
23%
1 Kickers Offenbach
23%
1 SK Rapid Wien
23%
1 Rot-Weiss Essen
18%
1 Schwarz-Weiß Essen
11%
1 First Vienna FC
9%
Keine übereinstimmenden Quizze gefunden
Verteilung der Resultate
Anzahl Personen mit jedem Resultat
Perzentil nach korrekt beantworteten Fragen
Ihre Resultats-Entwicklung
Sie haben dieses Quiz seit der letzten Aktualisierung nicht gespielt